四文字の名字人口ベスト30 - Statistics

General Stats
  • This quiz has been taken 468 times
  • The average score is 6 of 30
Answer Stats
順位 頭文字 解答欄 % Correct
1 てしが 勅使河原
98%
2 てしが 勅使川原
86%
4 こひる 小比類巻
54%
15 しめか 七五三掛
37%
20 わたぬ 四月朔日
35%
22 いおき 五百旗頭
29%
26 ちょう 長曾我部
26%
7 ちょう 長曽我部
23%
16 いじみ 五十公野
22%
17 くたら 久多良木
22%
3 おおま 大豆生田
21%
10 ほほか 波々伯部
19%
9 くすめ 久寿米木
18%
8 ひねの 日根野谷
17%
6 くまの 熊埜御堂
15%
19 ほづ 八月朔日
15%
21 よいな 四十八願
15%
28 やぎが 八木ケ谷
13%
29 こうそ 香曽我部
11%
30 いでの 井手野下
11%
14 くぼの 久保野谷
10%
18 いでの 井手之上
9%
5 いちば 一番ヶ瀬
7%
13 しめ 七五三木
7%
24 ひがく 日ヶ久保
5%
11 かみか 上加世田
4%
12 くぼこ 久保河内
4%
23 かみく 上久木田
3%
25 たにが 谷ケ久保
3%
27 てんの 天王寺谷
3%
No matching quizzes found
Score Distribution
Percent of People with Each Score
Percentile by Number Answered
Your Score History
You have not taken this quiz